Don't Pick Wrong #2 (Mid) - Statistics

General Stats
  • This quiz has been taken 32 times
  • The average score is 5 of 30
Answers on the Grid
Answers color-coded by a green-red scale on the quiz's grid according to % correct below.
Click Here
Click Here
Click Here
Click Here
Click Here
Click Here
Click Here
Click Here
Click Here
Click Here
Click Here
Click Here
Click Here
Click Here
Click Here
Click Here
Click Here
Click Here
Click Here
Click Here
Click Here
Click Here
Click Here
Click Here
Click Here
Click Here
Click Here
Click Here
Click Here
Click Here
Click Here
Click Here
Click Here
Click Here
Click Here
Click Here
Click Here
Click Here
Click Here
Click Here
 
Answer Stats
Answer % Correct
Click Here
33%
Click Here
33%
Click Here
25%
Click Here
25%
Click Here
25%
Click Here
25%
Click Here
17%
Click Here
17%
Click Here
17%
Click Here
17%
Click Here
17%
Click Here
17%
Click Here
17%
Click Here
17%
Click Here
17%
Click Here
17%
Click Here
17%
Click Here
17%
Click Here
8%
Click Here
8%
Click Here
8%
Click Here
8%
Click Here
8%
Click Here
8%
Click Here
8%
Click Here
8%
Click Here
8%
Click Here
8%
Click Here
8%
Click Here
0%
No matching quizzes found
Score Distribution
Percent of People with Each Score
Percentile by Number Answered
Your Score History
You have not taken this quiz